Las noticias en tiempos de guerra. Medios de comunicación: información o propaganda?

Bewaard in:
Bibliografische gegevens
Hoofdauteur: Schechter, Danny (Auteur)
Formaat: Boek
Taal:Spaans
Gepubliceerd in: Barcelona Paidós Ibérica 2004
Reeks:Paidós Controversias, 7
Onderwerpen:
Tags: Voeg label toe
Geen labels, Wees de eerste die dit record labelt!

MARC

LEADER 00000nam a2200000 a 4500
001 UCG2087
003 CL-VaPUC
008 100610e20040000SP |||||||||||||||||spa|d
020 |a 8449316391 
082 0 4 |a 302.23  |b SCH  |2 21 
100 0 |a Schechter, Danny  |e author  |9 550372 
245 1 4 |a Las noticias en tiempos de guerra. Medios de comunicación: información o propaganda? 
300 |a 422 p 
942 |c BK 
945 |d 20100610 00:00:00  |a dcastane 
260 |a Barcelona  |b Paidós Ibérica  |c 2004 
650 0 |a Comunicación   |9 257251 
650 0 |a Medios de comunicación de masas  |9 257273 
650 0 |a Cultura de masas  |9 334655 
650 0 |a Propaganda   |9 322285 
650 0 |a Información  |9 256927 
583 |a last modification  |c 20100610 00:00:00  |k Rodrigo Vera 
490 0 |a Paidós Controversias, 7 
999 |c 341327  |d 341325 
952 |0 0  |1 0  |4 0  |6 302_230000000000000_SCH_2004  |7 0  |8 A  |9 436708  |a BIBCUR  |b BIBCUR  |d 2019-11-22  |i 4682750  |l 1  |o 302.23 SCH 2004  |p 4682750  |r 2025-04-22  |s 2023-11-17  |w 2019-11-22  |y BK  |k PER